000 00253nam a2200097Ia 4500
001 683057
005 20250826161430.0
008 250824s9999 xx 000 0 und d
245 0 _aÖLÜ ZAMAN GEZGİNLERİ
_cHASAN ALİ TOPTAŞ
260 _bEVEREST YAYINLARI
999 _c683057
_d683057